[Event "Team B15 chess final 2018"]
[Site "Sochi"]
[Date "2018.05.07"]
[Round "6.4"]
[White "Chertkov, Maksim"]
[Black "Smekalov, Alexei"]
[Result "0-1"]
[WhiteElo "1586"]
[BlackElo "1486"]
[PlyCount "136"]
[EventDate "2018.05.01"]

1. e4 c5 2. Nf3 Nc6 3. d4 cxd4 4. Nxd4 g6 5. Nc3 Bg7 6. Be3 Nf6 7. Nxc6 bxc6 8.
e5 Ng8 9. Bd4 Qc7 10. f4 f6 11. exf6 Nxf6 12. Qd2 O-O 13. O-O-O Rb8 14. Bc4+ d5
15. Be5 Qb7 16. Bxb8 Ne4 17. Bxd5+ cxd5 18. Qxd5+ Qxd5 19. Nxd5 Bg4 20. Rde1
Rxb8 21. Rxe4 Bxb2+ 22. Kd2 Rd8 23. c4 e6 24. Rhe1 exd5 25. Re8+ Rxe8 26. Rxe8+
Kf7 27. Rb8 Bd4 28. cxd5 h5 29. Kd3 Bg1 30. Ke4 Bb6 31. Rb7+ Kf6 32. Kd3 Bc8
33. Rb8 Bf5+ 34. Kc4 Ke7 35. a4 Kd6 36. Rf8 Kc7 37. Ra8 Kd6 38. a5 Be4 39. axb6
Bxd5+ 40. Kd4 Bxa8 41. bxa7 Bxg2 42. h4 Kc7 43. Ke5 Kb7 44. f5 gxf5 45. Kxf5
Kxa7 46. Kf4 Kb6 47. Kg3 Bc6 48. Kf4 Kc5 49. Ke3 Kd5 50. Kf4 Ke6 51. Kg5 Bf3
52. Kf4 Bg4 53. Ke4 Kd6 54. Kd4 Bf3 55. Ke3 Bc6 56. Kd4 Ke6 57. Kc5 Bf3 58. Kd4
Kf5 59. Ke3 Bb7 60. Kf2 Kg4 61. Kg1 Kg3 62. Kf1 Kxh4 63. Kf2 Kg4 64. Kf1 Kg3
65. Kg1 Ba6 66. Kh1 Bb5 67. Kg1 h4 68. Kh1 h3 0-1

[Event "Team B15 chess final 2018"]
[Site "Sochi"]
[Date "2018.05.07"]
[Round "6.1"]
[White "Kuznetsov, Sergey"]
[Black "Grachev, Alexey"]
[Result "0-1"]
[WhiteElo "1708"]
[BlackElo "2220"]
[PlyCount "73"]
[EventDate "2018.05.01"]

1. e4 c5 2. Nf3 Nc6 3. d4 cxd4 4. Nxd4 Nf6 5. Nc3 d6 6. Bc4 e6 7. Be3 a6 8. Bb3
Na5 9. Qe2 b5 10. f3 Qc7 11. g4 b4 12. Nd1 Nxb3 13. axb3 Bb7 14. c3 d5 15. g5
Nd7 16. exd5 Bxd5 17. Rxa6 Rxa6 18. Qxa6 Bc5 19. Qe2 O-O 20. O-O f6 21. c4 Bxd4
22. Bxd4 e5 23. cxd5 exd4 24. Qe4 fxg5 25. Qxd4 Rf4 26. Qe3 Ne5 27. Kh1 Qd6 28.
Qe2 Qxd5 29. Ne3 Qc6 30. Kg2 g4 31. Nxg4 Rxg4+ 32. Kf2 Qc5+ 33. Ke1 Rd4 34. Rh1
Nd3+ 35. Kf1 Qc1+ 36. Kg2 Nf4+ 37. Kg3 0-1

[Event "Team B15 chess final 2018"]
[Site "Sochi"]
[Date "2018.05.07"]
[Round "6.2"]
[White "Ponomarev, Grigori"]
[Black "Matushchak, Nikita"]
[Result "1-0"]
[WhiteElo "2225"]
[BlackElo "1737"]
[PlyCount "113"]
[EventDate "2018.05.01"]

1. e4 e6 2. Qe2 Nf6 3. Nf3 d5 4. d3 dxe4 5. dxe4 Nc6 6. e5 Nd5 7. g3 Be7 8. Bg2
O-O 9. O-O f6 10. Rd1 Qe8 11. c4 Nb6 12. Bf4 f5 13. Nc3 a6 14. a3 Qh5 15. h4 h6
16. b3 Nd7 17. Ra2 Re8 18. b4 Nf8 19. Nd4 Qxe2 20. Ncxe2 Nxd4 21. Nxd4 Ng6 22.
Nf3 Nxf4 23. gxf4 a5 24. b5 a4 25. Rd3 Rb8 26. Rad2 Bc5 27. h5 Kf7 28. Nh4 g5
29. hxg6+ Kg7 30. Bf3 Be7 31. Ng2 Kxg6 32. Bd1 Kh7 33. Rg3 b6 34. Bh5 Rg8 35.
Rdd3 Rxg3 36. fxg3 Kg7 37. Nh4 Rb7 38. Bf3 Rb8 39. Bc6 Kf7 40. Bf3 Kg7 41. Kh2
Kh7 42. Kh3 Kg7 43. g4 fxg4+ 44. Bxg4 Kf7 45. Bh5+ Kg7 46. Rg3+ Kh7 47. Bg6+
Kh8 48. Bf7 Bxh4 49. Rg8+ Kh7 50. Kxh4 Ra8 51. Bxe6 Bxe6 52. Rxa8 Bxc4 53. Rxa4
Bxb5 54. Ra7 Kg6 55. Rxc7 Kf5 56. Rf7+ Ke4 57. e6 1-0

[Event "Team B15 chess final 2018"]
[Site "Sochi"]
[Date "2018.05.07"]
[Round "6.3"]
[White "Derevschikov, Nikita"]
[Black "Minachev, Maksim"]
[Result "0-1"]
[WhiteElo "1593"]
[BlackElo "2026"]
[PlyCount "140"]
[EventDate "2018.05.01"]

1. e4 c5 2. Nf3 d6 3. Bb5+ Bd7 4. Bxd7+ Qxd7 5. O-O Nc6 6. c3 Nf6 7. Re1 e6 8.
d4 cxd4 9. cxd4 d5 10. e5 Ne4 11. Nbd2 Nxd2 12. Bxd2 Be7 13. Bg5 O-O 14. Bxe7
Qxe7 15. Re3 Rac8 16. Rc1 a6 17. Rec3 h6 18. a3 Rce8 19. h3 f5 20. b4 g5 21.
Rc5 g4 22. hxg4 fxg4 23. Nh2 h5 24. a4 Qf7 25. Qd2 Qf4 26. Qc2 Rf5 27. b5 Nxd4
28. Qb2 Qxe5 29. Kh1 Nf3 30. Qxe5 Nxe5 31. Rc7 axb5 32. axb5 b6 33. Rb7 Nc4 34.
Ra1 Rf7 35. Rxf7 Kxf7 36. Nf1 Kf6 37. Ng3 Ke5 38. Kg1 h4 39. Ne2 d4 40. Rd1 Rd8
41. Nc1 Kd5 42. Nd3 e5 43. Kf1 h3 44. gxh3 gxh3 45. Ke2 Ra8 46. Nb4+ Kc5 47.
Na6+ Kd6 48. f4 Rh8 49. fxe5+ Kxe5 50. Nb4 Rh4 51. Nd3+ Kd5 52. Rf1 Re4+ 53.
Kf2 Ne5 54. Nb4+ Kc4 55. Rb1 Nd3+ 56. Nxd3 Kxd3 57. Rb3+ Kc2 58. Rxh3 d3 59.
Rh6 d2 60. Rc6+ Kd3 61. Rd6+ Rd4 62. Rxd4+ Kxd4 63. Ke2 Kc4 64. Kxd2 Kxb5 65.
Kd1 Kb4 66. Kc2 Ka3 67. Kb1 Kb3 68. Kc1 b5 69. Kb1 b4 70. Ka1 Kc2 0-1

[Event "Team B15 chess final 2018"]
[Site "Sochi"]
[Date "2018.05.07"]
[Round "6.4"]
[White "Babakekhyan, Artem"]
[Black "Maisakov, Mikhail"]
[Result "1-0"]
[WhiteElo "2042"]
[BlackElo "1561"]
[PlyCount "99"]
[EventDate "2018.05.01"]

1. Nf3 Nf6 2. c4 e6 3. g3 b6 4. Bg2 Bb7 5. O-O Be7 6. Nc3 O-O 7. d4 Ne4 8. Qc2
f5 9. h4 Nxc3 10. Qxc3 c5 11. Rd1 Bf6 12. e3 Qe8 13. Qe1 Qh5 14. d5 e5 15. e4
d6 16. exf5 Qxf5 17. Nd2 Na6 18. Qe2 Nc7 19. Ne4 Rad8 20. a4 Be7 21. Ra3 Qd7
22. Kh2 Bc8 23. Be3 Ne8 24. Bg5 Kh8 25. a5 bxa5 26. Rxa5 a6 27. Ra3 Bxg5 28.
hxg5 Qg4 29. Qxg4 Bxg4 30. f3 Bh5 31. Rxa6 Rb8 32. g4 Bg6 33. Nxd6 Nxd6 34.
Rxd6 Rxb2 35. Rc6 e4 36. f4 e3 37. f5 Be8 38. Re6 e2 39. Re1 Bf7 40. R6xe2 Rxe2
41. Rxe2 Rd8 42. Re7 Bg8 43. Rc7 Ra8 44. Rxc5 Rd8 45. Rc7 Re8 46. c5 Rd8 47. d6
Bc4 48. d7 Bb5 49. c6 Rg8 50. Rc8 1-0

[Event "Team B15 chess final 2018"]
[Site "Sochi"]
[Date "2018.05.07"]
[Round "6.1"]
[White "Tsvetkov, Andrey"]
[Black "Sargsyan, Anatoly"]
[Result "1-0"]
[WhiteElo "2216"]
[BlackElo "1650"]
[PlyCount "119"]
[EventDate "2018.05.01"]
[WhiteTeam "Ð¡Ð¨ "]

1. d4 Nf6 2. c4 c5 3. d5 b5 4. cxb5 a6 5. bxa6 g6 6. Nc3 Bxa6 7. e4 d6 8. Nf3
Bg7 9. Bxa6 Nxa6 10. O-O O-O 11. Nd2 Nd7 12. Qe2 Nb4 13. Nc4 Nb6 14. Nxb6 Qxb6
15. Bg5 Qb7 16. a4 Na6 17. Rab1 Rfb8 18. Nb5 h6 19. Bd2 Nc7 20. Nxc7 Qxc7 21.
b3 Qb7 22. Rfc1 Qa6 23. Qxa6 Rxa6 24. a5 Rb5 25. b4 cxb4 26. Bxb4 f5 27. f3
fxe4 28. fxe4 Bd4+ 29. Kf1 Be3 30. Be1 Rbxa5 31. Rc8+ Kf7 32. Bxa5 Rxa5 33. Ke2
Bd4 34. Rc2 Ra3 35. Rf1+ Kg7 36. Rf3 Ra4 37. Rb3 Be5 38. Kf3 Kf7 39. Rc7 Ra1
40. Rbb7 Ra3+ 41. Ke2 Ra2+ 42. Kd3 Ra3+ 43. Kc4 Rc3+ 44. Kb5 Rxc7 45. Rxc7 Bxh2
46. Kc6 Be5 47. Kd7 h5 48. Rc1 g5 49. Rf1+ Bf6 50. g4 hxg4 51. Rg1 Kg6 52. Ke6
Kh5 53. Kf5 Kh4 54. Rxg4+ Kh5 55. e5 Bxe5 56. Rxg5+ Kh6 57. Rg6+ Kh7 58. Re6
Kg7 59. Rxe7+ Kf8 60. Ke6 1-0

[Event "Team B15 chess final 2018"]
[Site "Sochi"]
[Date "2018.05.07"]
[Round "6.2"]
[White "Kamaev, Dzhabrail"]
[Black "Vasilyev, Alexey"]
[Result "1/2-1/2"]
[WhiteElo "1956"]
[BlackElo "2074"]
[PlyCount "52"]
[EventDate "2018.05.01"]
[BlackTeam "Ð¡Ð¨ "]

1. e4 c5 2. Nf3 e6 3. c3 Nf6 4. e5 Nd5 5. d4 cxd4 6. Nxd4 Qc7 7. Qe2 a6 8. g3
d6 9. exd6 Bxd6 10. Bg2 O-O 11. O-O Ne7 12. Nd2 e5 13. Nc2 Be6 14. Ne3 Bc5 15.
Ne4 Ba7 16. Ng5 Bc8 17. Qh5 h6 18. Be4 Nbc6 19. Bh7+ Kh8 20. Bc2 Kg8 21. Bh7+
Kh8 22. Bc2 Kg8 23. Bh7+ Kh8 24. Bc2 Kg8 25. Bh7+ Kh8 26. Bc2 Kg8 1/2-1/2

[Event "Team B15 chess final 2018"]
[Site "Sochi"]
[Date "2018.05.07"]
[Round "6.3"]
[White "Girshgorn, Leonid"]
[Black "Kalaychev, Nodis"]
[Result "1-0"]
[WhiteElo "1886"]
[BlackElo "1525"]
[PlyCount "79"]
[EventDate "2018.05.01"]
[WhiteTeam "Ð¡Ð¨ "]

1. d4 g6 2. Nf3 d6 3. g3 Bg7 4. Bg2 Nf6 5. O-O O-O 6. c4 Bf5 7. Nc3 Nc6 8. d5
Nb4 9. Nd4 Qd7 10. Nxf5 Qxf5 11. e4 Qd7 12. Be3 e5 13. a3 Na6 14. h3 c6 15. b4
Nc7 16. Qa4 b5 17. dxc6 Qxc6 18. cxb5 Qb7 19. Rfd1 Rfd8 20. Rac1 a6 21. bxa6
Rxa6 22. Qb3 Nb5 23. Nxb5 Qxb5 24. Rc7 Rf8 25. Qd3 Qa4 26. b5 Raa8 27. b6 Rfd8
28. b7 Rab8 29. Rdc1 Ne8 30. Rc8 Qd7 31. Qa6 Bf6 32. Rxd8 Bxd8 33. Rb1 Nc7 34.
Qa7 Na6 35. Qxa6 Bc7 36. Ba7 Kg7 37. Bxb8 Bxb8 38. Qc4 Bc7 39. b8=N Bxb8 40.
Rxb8 1-0

[Event "Team B15 chess final 2018"]
[Site "Sochi"]
[Date "2018.05.07"]
[Round "6.1"]
[White "Kirushin, Ivan"]
[Black "Kopylov, Artem"]
[Result "1/2-1/2"]
[WhiteElo "1800"]
[BlackElo "1696"]
[PlyCount "94"]
[EventDate "2018.05.01"]
[WhiteTeam "Ð¡Ð¨ÐžÐ  "]

1. e4 c5 2. Nf3 e6 3. d4 cxd4 4. Nxd4 Nf6 5. Nc3 d6 6. Be2 Be7 7. O-O O-O 8.
Be3 Nc6 9. f4 a6 10. a4 Qc7 11. Nb3 b6 12. Bf3 Bb7 13. Bf2 Rfc8 14. Re1 Na5 15.
Kh1 Nc4 16. Rb1 Nxb2 17. Rxb2 Qxc3 18. Ra2 Qc7 19. Nd4 d5 20. e5 Ne4 21. Bxe4
dxe4 22. Qg4 Rd8 23. Raa1 Qc4 24. Ne2 f5 25. exf6 Bxf6 26. Rab1 b5 27. Ng3 e3
28. Bxe3 Qxc2 29. Nh5 Qg6 30. Qxg6 hxg6 31. Nxf6+ gxf6 32. axb5 axb5 33. Rxb5
Be4 34. Bb6 Rd5 35. Rxd5 exd5 36. Bd4 Ra2 37. Bxf6 Bxg2+ 38. Kg1 Be4 39. Bd4
Rg2+ 40. Kf1 Rxh2 41. Ra1 Rh1+ 42. Kf2 Rxa1 43. Bxa1 Kf7 44. Ke3 Ke6 45. Bd4
Kf5 46. Ba1 Kg4 47. Bd4 g5 1/2-1/2

[Event "Team B15 chess final 2018"]
[Site "Sochi"]
[Date "2018.05.07"]
[Round "6.2"]
[White "Kuznetsova, Olga"]
[Black "Smelykh, Edvin"]
[Result "1/2-1/2"]
[WhiteElo "1439"]
[BlackElo "1937"]
[PlyCount "67"]
[EventDate "2018.05.01"]
[BlackTeam "Ð¡Ð¨ÐžÐ  "]

1. e4 c5 2. Nf3 e6 3. d4 cxd4 4. Nxd4 a6 5. Nc3 Qc7 6. Be2 Nf6 7. Be3 b5 8. a3
Bb7 9. f3 d5 10. exd5 Nxd5 11. Nxd5 Bxd5 12. O-O Nc6 13. Nxc6 Qxc6 14. c3 Bc5
15. Bxc5 Qxc5+ 16. Kh1 Rd8 17. Qc2 O-O 18. Rad1 Bc4 19. Bxc4 Qxc4 20. b3 Qc5
21. Rxd8 Rxd8 22. Rd1 Rd5 23. Rxd5 exd5 24. b4 Qc4 25. Kg1 g6 26. Qd2 Qb3 27.
Qe3 Qxa3 28. Qe8+ Kg7 29. Qe5+ Kg8 30. Qe8+ Kg7 31. Qe5+ Kg8 32. Qe8+ Kg7 33.
Qe5+ Kg8 34. Qe8+ 1/2-1/2

[Event "Team B15 chess final 2018"]
[Site "Sochi"]
[Date "2018.05.07"]
[Round "6.3"]
[White "Fridman, Roman A"]
[Black "Kuznetsova, Yulia"]
[Result "1-0"]
[WhiteElo "1735"]
[BlackElo "1319"]
[PlyCount "109"]
[EventDate "2018.05.01"]
[WhiteTeam "Ð¡Ð¨ÐžÐ  "]

1. c4 e5 2. Nc3 Nf6 3. Nf3 Nc6 4. g3 d5 5. cxd5 Nxd5 6. Bg2 Nb6 7. O-O Be7 8.
Rb1 O-O 9. b4 Bf5 10. b5 Nd4 11. d3 Nxf3+ 12. Bxf3 Rb8 13. Be3 Qd7 14. a4 a5
15. Rc1 Bh3 16. Re1 Bb4 17. Qc2 f5 18. Red1 f4 19. Bd2 fxg3 20. hxg3 Kh8 21.
Ne4 Nd5 22. Bxb4 axb4 23. Qc4 Be6 24. Nc5 Qf7 25. Nxe6 Nb6 26. Qg4 Rfe8 27. Ng5
Qf6 28. Qh5 h6 29. Ne4 Qe6 30. Bg4 Qe7 31. Bf5 Nd7 32. Rxc7 Nf6 33. Rxe7 Nxh5
34. Rxe8+ Rxe8 35. Rb1 Rf8 36. Bg6 Nf6 37. Nxf6 Rxf6 38. Be4 b6 39. Rxb4 g5 40.
Rc4 g4 41. Rc6 Rf7 42. Rxb6 h5 43. a5 h4 44. gxh4 g3 45. fxg3 Kg7 46. a6 Kh8
47. Rb8+ Kg7 48. Rb7 Kf6 49. Rxf7+ Kxf7 50. a7 Ke6 51. a8=Q Kd6 52. Qc6+ Ke7
53. Bf5 e4 54. Qe6+ Kd8 55. Qd7# 1-0

[Event "Team B15 chess final 2018"]
[Site "Sochi"]
[Date "2018.05.07"]
[Round "6.4"]
[White "Komaev, Tamerlan"]
[Black "Gaer, Margarita"]
[Result "1/2-1/2"]
[WhiteElo "1184"]
[BlackElo "1661"]
[PlyCount "137"]
[EventDate "2018.05.01"]
[BlackTeam "Ð¡Ð¨ÐžÐ  "]

1. e4 e6 2. d3 d5 3. Nd2 Nf6 4. Ngf3 Be7 5. g3 O-O 6. Bg2 c5 7. O-O Nc6 8. e5
Nd7 9. Re1 Qc7 10. Qe2 Re8 11. h4 f6 12. exf6 Nxf6 13. Nf1 Bd6 14. Bg5 Qf7 15.
Rad1 e5 16. Ne3 Be6 17. Nh2 Nd7 18. Nef1 Nd4 19. Qd2 h6 20. Be3 Nf5 21. Qe2 Nf6
22. Nf3 e4 23. dxe4 Nxe4 24. c3 Rad8 25. N3d2 Nxd2 26. Rxd2 Rd7 27. Red1 Ne7
28. Qb5 b6 29. Qe2 Red8 30. Re1 d4 31. cxd4 Bc4 32. Qf3 cxd4 33. Qxf7+ Kxf7 34.
Rxd4 Bxa2 35. Ra1 Be6 36. Rda4 Bb8 37. Bf3 Nd5 38. Bd2 Rc8 39. Ne3 Nxe3 40.
Bxe3 Rc2 41. b4 Rc3 42. Kf1 Bxg3 43. fxg3 Rxe3 44. Kf2 Rb3 45. Rxa7 Rxb4 46.
Rxd7+ Bxd7 47. Ra7 Ke6 48. Ke3 g6 49. Be4 Be8 50. Rh7 h5 51. Rh6 Kf6 52. Rh8
Bf7 53. Rb8 b5 54. Bd3 Rg4 55. Kf3 Bd5+ 56. Kf2 b4 57. Rb6+ Kf7 58. Rb5 Be6 59.
Rb7+ Kf6 60. Rb6 Ke5 61. Be2 Rd4 62. Rb5+ Kd6 63. Ke3 Rd5 64. Rxb4 Bf5 65. Rb6+
Ke7 66. Rb7+ Kd6 67. Rb6+ Kc7 68. Rf6 Re5+ 69. Kf2 1/2-1/2

[Event "Team B15 chess final 2018"]
[Site "Sochi"]
[Date "2018.05.07"]
[Round "6.1"]
[White "Makarian, Rudik"]
[Black "Balayan, Eduard"]
[Result "0-1"]
[WhiteElo "2378"]
[BlackElo "1387"]
[PlyCount "116"]
[EventDate "2018.05.01"]

1. e4 c5 2. Nf3 d6 3. d4 cxd4 4. Qxd4 Nc6 5. Bb5 e5 6. Qd3 Nf6 7. Nc3 Be7 8.
Bg5 h6 9. Bxf6 Bxf6 10. O-O-O Be7 11. Nd5 Be6 12. Nxe7 Kxe7 13. Qa3 f6 14. Rd3
Qc7 15. Rhd1 Rhd8 16. Ba4 Rac8 17. c3 Na5 18. Bb3 Nxb3+ 19. axb3 g5 20. Kb1 Qb6
21. c4 a6 22. R1d2 Qc6 23. Re3 b5 24. Rc2 Qb6 25. Qb4 Rc5 26. Nd2 a5 27. Qc3
bxc4 28. bxc4 Rdc8 29. Rh3 Bxc4 30. Nxc4 Rxc4 31. Qxc4 Rxc4 32. Rxc4 Qxf2 33.
Ra4 Qe2 34. Rha3 Qxg2 35. Rxa5 Qxe4+ 36. Ka1 Qh1+ 37. Ka2 Qxh2 38. Ra7+ Ke6 39.
Rg7 h5 40. Ra8 g4 41. Rag8 Qc2 42. Ka3 f5 43. b4 f4 44. b5 Qc4 45. Re8+ Kd5 46.
Rb8 g3 47. b6 Qd4 48. Kb3 Qe3+ 49. Kb2 Qf2+ 50. Kc1 g2 51. Rbg8 Qxb6 52. Rxg2
f3 53. Rd2+ Ke4 54. Rf8 h4 55. Rh8 Qg1+ 56. Kc2 Qg3 57. Rxd6 f2 58. Rf6 f1=Q
0-1

[Event "Team B15 chess final 2018"]
[Site "Sochi"]
[Date "2018.05.07"]
[Round "6.2"]
[White "Korobchenko, Yuri"]
[Black "Zhuk, Kirill"]
[Result "0-1"]
[WhiteElo "1470"]
[BlackElo "2002"]
[PlyCount "100"]
[EventDate "2018.05.01"]

1. e4 e5 2. Nf3 Nc6 3. Bb5 Nf6 4. d3 Bc5 5. O-O d6 6. h3 h6 7. Re1 O-O 8. c3
Bd7 9. Nbd2 Re8 10. Nf1 Ne7 11. Bxd7 Qxd7 12. d4 exd4 13. cxd4 Bb4 14. Bd2 Bxd2
15. Qxd2 Ng6 16. Ng3 d5 17. e5 Nh7 18. Rad1 Nhf8 19. Nh5 Kh7 20. Qc2 Kg8 21.
Qd2 Ne6 22. Qxh6 gxh6 23. Nf6+ Kg7 24. Nxd7 c6 25. Nf6 Re7 26. g3 a5 27. h4
Ngf8 28. Re3 Nd7 29. Nxd7 Rxd7 30. Red3 Ra6 31. Ne1 Rb6 32. b3 Rd8 33. f4 a4
34. f5 Nc7 35. bxa4 Ra6 36. Rb3 b5 37. axb5 Nxb5 38. a3 Rxa3 39. Rxa3 Nxa3 40.
Nd3 Rb8 41. Nf4 Rb3 42. Kf2 Nc4 43. Rd3 Rb2+ 44. Kf3 Nd2+ 45. Kg4 Ne4 46. Kh5
Rb1 47. Ne2 Rb2 48. Nc3 Rb3 49. f6+ Kh7 50. e6 Nxf6# 0-1

[Event "Team B15 chess final 2018"]
[Site "Sochi"]
[Date "2018.05.07"]
[Round "6.3"]
[White "Zakirov, Artur"]
[Black "Zhugin, Nikolay"]
[Result "1-0"]
[WhiteElo "1922"]
[BlackElo "1352"]
[PlyCount "107"]
[EventDate "2018.05.01"]

1. e4 c5 2. Nf3 e6 3. c4 Nc6 4. Be2 Nge7 5. Nc3 Nd4 6. d3 g6 7. Bg5 Bg7 8. Nxd4
Bxd4 9. Nb5 Bxb2 10. Rb1 Bg7 11. Nd6+ Kf8 12. O-O Rb8 13. Bf4 e5 14. Be3 Qc7
15. Nb5 Qb6 16. Qd2 a6 17. Nc3 Qc6 18. f4 d6 19. fxe5 dxe5 20. Nd5 Nxd5 21.
cxd5 Qc7 22. Rfc1 b6 23. d6 Qc6 24. Bxc5 Bd7 25. Bxb6 Qa4 26. Rb4 Qa3 27. Rb3
Qa4 28. Rc4 Qb5 29. Rxb5 axb5 30. Rc1 Rxb6 31. Qa5 Rb8 32. Qc7 Re8 33. Qxd7 Bf6
34. Rc7 Be7 35. dxe7+ Kg7 36. Bg4 f6 37. Be6 h5 38. a3 h4 39. Rc8 Rxc8 40. Qxc8
Rxc8 41. Bxc8 Kf7 42. Bd7 Kxe7 43. Bxb5 Kd6 44. a4 Kc5 45. Kf2 f5 46. exf5 gxf5
47. Ke3 Kd5 48. Bc4+ Kc5 49. a5 Kc6 50. a6 Kb6 51. Kf3 Ka7 52. h3 Kb6 53. g3
hxg3 54. Kxg3 1-0

[Event "Team B15 chess final 2018"]
[Site "Sochi"]
[Date "2018.05.08"]
[Round "7.1"]
[White "Balayan, Eduard"]
[Black "Tsoi, Dmitry"]
[Result "0-1"]
[WhiteElo "1387"]
[BlackElo "2348"]
[PlyCount "52"]
[EventDate "2018.05.01"]

1. e4 e5 2. Nf3 d6 3. Bc4 Be7 4. O-O Nf6 5. Qe2 O-O 6. c3 c6 7. Rd1 Nbd7 8. d3
b5 9. Bb3 Bb7 10. Nbd2 a5 11. a4 Nc5 12. Bc2 bxa4 13. Nf1 Ba6 14. Ng3 g6 15.
Bh6 Re8 16. h3 Qb6 17. Ra2 Nfd7 18. Nh2 Bf8 19. Qd2 Nb3 20. Bxb3 Qxb3 21. Ra3
Bxh6 22. Qxh6 Qxd1+ 23. Ngf1 Bxd3 24. c4 Nf6 25. g4 Nxe4 26. g5 Bxf1 0-1

[Event "Team B15 chess final 2018"]
[Site "Sochi"]
[Date "2018.05.08"]
[Round "7.2"]
[White "Murzin, Volodar"]
[Black "Korobchenko, Yuri"]
[Result "1-0"]
[WhiteElo "2302"]
[BlackElo "1470"]
[PlyCount "80"]
[EventDate "2018.05.01"]

1. Nf3 d5 2. g3 Nf6 3. Bg2 g6 4. O-O Bg7 5. d3 O-O 6. Nbd2 c6 7. e4 Bg4 8. h3
Bxf3 9. Qxf3 e5 10. Qe2 Re8 11. b3 d4 12. Bb2 c5 13. Rae1 Nc6 14. a3 b5 15. Qd1
Qc7 16. Bc1 a5 17. f4 Nh5 18. Qf3 Bh6 19. f5 Be3+ 20. Kh2 Nd8 21. Qd1 Ng7 22.
Nf3 Bxc1 23. Qxc1 f6 24. fxg6 hxg6 25. Qh6 Re6 26. Qxg6 f5 27. Qg5 Nf7 28. Qd2
Raa6 29. Ng5 Nxg5 30. exf5 Rf6 31. Qxg5 Rab6 32. Bd5+ Kf8 33. Be4 Qd6 34. Kg2
Rb8 35. g4 Kf7 36. Qd2 b4 37. g5 Nxf5 38. Bxf5 Rg8 39. Bg4 Rxf1 40. Rxf1+ Ke7
1-0

[Event "Team B15 chess final 2018"]
[Site "Sochi"]
[Date "2018.05.08"]
[Round "7.3"]
[White "Zhugin, Nikolay"]
[Black "Ter-Saakian, Grigorii"]
[Result "0-1"]
[WhiteElo "1352"]
[BlackElo "2066"]
[PlyCount "70"]
[EventDate "2018.05.01"]

1. c4 Nf6 2. g3 c6 3. Nc3 e5 4. Bg2 Bb4 5. Nf3 d6 6. a3 Ba5 7. O-O Be6 8. c5 e4
9. Ng5 d5 10. Nxe6 fxe6 11. b4 Bc7 12. d3 exd3 13. exd3 O-O 14. d4 e5 15. Be3
Nbd7 16. b5 Ba5 17. Ne2 Ng4 18. a4 Nxe3 19. fxe3 Rxf1+ 20. Bxf1 Qg5 21. Ra3 Re8
22. Qd3 Nf6 23. Bg2 exd4 24. Nxd4 Bb4 25. Rb3 Bxc5 26. bxc6 bxc6 27. Rc3 Rxe3
28. Qd2 Rxg3 29. Qxg5 Bxd4+ 30. Kf1 Rxg5 31. Rxc6 Rf5+ 32. Ke1 Re5+ 33. Kd1 Ng4
34. Rc8+ Kf7 35. Rc7+ Kf6 0-1

[Event "Team B15 chess final 2018"]
[Site "Sochi"]
[Date "2018.05.08"]
[Round "7.4"]
[White "Chertkov, Maksim"]
[Black "Pashinin, Maxim"]
[Result "1-0"]
[WhiteElo "1586"]
[BlackElo "1248"]
[PlyCount "73"]
[EventDate "2018.05.01"]

1. e4 c5 2. Nf3 Nf6 3. Nc3 d5 4. Bb5+ Bd7 5. Qe2 d4 6. Nd5 Nxd5 7. exd5 a6 8.
Bxd7+ Nxd7 9. c4 g6 10. O-O Bg7 11. Re1 Bf6 12. d3 O-O 13. Ng5 Re8 14. Qg4 Bg7
15. Qh3 Nf6 16. Ne4 Nxe4 17. Rxe4 Qc8 18. Qf3 e6 19. dxe6 Rxe6 20. Bd2 Rxe4 21.
Qxe4 b5 22. Qd5 bxc4 23. Qxc4 Qb7 24. b3 Qb5 25. Qc2 a5 26. a4 Qb6 27. Qc4 Rb8
28. Rb1 Re8 29. Qc2 Re2 30. Bxa5 Qe6 31. Qxc5 Re5 32. Qxd4 Bf6 33. Qb6 Qe8 34.
Qxf6 Rxa5 35. Qc3 Re5 36. Rc1 Kg7 37. f4 1-0

[Event "Team B15 chess final 2018"]
[Site "Sochi"]
[Date "2018.05.08"]
[Round "7.1"]
[White "Grachev, Alexey"]
[Black "Tsvetkov, Andrey"]
[Result "1/2-1/2"]
[WhiteElo "2220"]
[BlackElo "2216"]
[PlyCount "81"]
[EventDate "2018.05.01"]
[BlackTeam "Ð¡Ð¨ "]

1. e4 c5 2. c3 Nf6 3. e5 Nd5 4. d4 cxd4 5. cxd4 e6 6. Nf3 d6 7. Bc4 Be7 8. O-O
O-O 9. Qe2 b6 10. Nbd2 dxe5 11. dxe5 Bb7 12. Ne4 Nd7 13. Bd2 Rc8 14. Bd3 Nb4
15. Bxb4 Bxb4 16. Rfd1 Bd5 17. a3 Be7 18. Nc3 Bb3 19. Rd2 Qc7 20. Bxh7+ Kxh7
21. Qd3+ Kg8 22. Qxd7 Rfd8 23. Qxc7 Rxc7 24. Rxd8+ Bxd8 25. Nd4 Bc4 26. Ne4 Bd5
27. Nc3 Bc4 28. Ndb5 Bxb5 29. Nxb5 Rc2 30. Nxa7 Rxb2 31. Nc6 Bc7 32. f4 b5 33.
h3 Bb6+ 34. Kh2 Be3 35. Rf1 Ra2 36. Nb4 Rxa3 37. Nc2 Rc3 38. Nxe3 Rxe3 39. Rb1
Re4 40. Kg3 b4 41. Ra1 1/2-1/2

[Event "Team B15 chess final 2018"]
[Site "Sochi"]
[Date "2018.05.08"]
[Round "7.2"]
[White "Vasilyev, Alexey"]
[Black "Ponomarev, Grigori"]
[Result "1/2-1/2"]
[WhiteElo "2074"]
[BlackElo "2225"]
[PlyCount "54"]
[EventDate "2018.05.01"]
[WhiteTeam "Ð¡Ð¨ "]

1. e4 c5 2. Nf3 Nc6 3. d4 cxd4 4. Nxd4 Nf6 5. Nc3 e5 6. Ndb5 d6 7. Bg5 a6 8.
Na3 b5 9. Nd5 Be7 10. Bxf6 Bxf6 11. c4 b4 12. Nc2 O-O 13. g3 Be6 14. Bg2 Rb8
15. b3 Bg5 16. O-O a5 17. f4 Bh6 18. f5 Bxd5 19. exd5 Nd4 20. f6 g6 21. Kh1
Nxc2 22. Qxc2 Bg5 23. Qf2 Qb6 24. Qc2 Qd8 25. Qf2 Qb6 26. Qc2 Qd8 27. Qf2 Qb6
1/2-1/2

[Event "Team B15 chess final 2018"]
[Site "Sochi"]
[Date "2018.05.08"]
[Round "7.3"]
[White "Minachev, Maksim"]
[Black "Girshgorn, Leonid"]
[Result "0-1"]
[WhiteElo "2026"]
[BlackElo "1886"]
[PlyCount "100"]
[EventDate "2018.05.01"]
[BlackTeam "Ð¡Ð¨ "]

1. e4 c6 2. d4 d5 3. f3 e6 4. Nc3 Bb4 5. a3 Bxc3+ 6. bxc3 dxe4 7. Be3 c5 8.
Bb5+ Bd7 9. Bxd7+ Nxd7 10. Nh3 Qa5 11. Bd2 e3 12. Bxe3 Qxc3+ 13. Kf2 Ne7 14.
Rb1 O-O 15. Rxb7 cxd4 16. Bxd4 Qc6 17. Rb3 Nf5 18. Be3 Ne5 19. Re1 Rad8 20. Qc1
Nc4 21. Bf4 Qc5+ 22. Kf1 e5 23. g4 exf4 24. gxf5 Nd2+ 25. Kg2 Nxb3 26. cxb3
Qxf5 27. Nxf4 Rc8 28. Qe3 h6 29. h4 Rfd8 30. Kg3 Qb5 31. Qxa7 Qxb3 32. Qa5 Ra8
33. Qh5 Rxa3 34. Re7 Ra6 35. Ne6 g6 36. Nc5 Qb8+ 37. Qe5 Qxe5+ 38. Rxe5 Ra5 39.
Nb7 Rxe5 40. Nxd8 Rc5 41. Nb7 Rd5 42. Kf4 Kf8 43. Ke4 Rb5 44. Nd6 Rb4+ 45. Ke5
Rxh4 46. f4 Ke7 47. f5 f6+ 48. Kd5 g5 49. Nc8+ Kd7 50. Nb6+ Kc7 0-1

[Event "Team B15 chess final 2018"]
[Site "Sochi"]
[Date "2018.05.08"]
[Round "7.4"]
[White "Dunaev, Denis"]
[Black "Babakekhyan, Artem"]
[Result "1/2-1/2"]
[WhiteElo "1823"]
[BlackElo "2042"]
[PlyCount "69"]
[EventDate "2018.05.01"]
[WhiteTeam "Ð¡Ð¨ "]

1. Nf3 Nf6 2. g3 g6 3. b3 Bg7 4. Bb2 O-O 5. Bg2 c5 6. c4 Nc6 7. O-O d6 8. d4
cxd4 9. Nxd4 Bd7 10. Na3 a6 11. Nac2 Qc7 12. Ne3 Rac8 13. Qd2 Ne5 14. Rac1 Qb8
15. Qb4 Nc6 16. Qd2 Qa7 17. Rfd1 Rfd8 18. Nd5 Nxd5 19. Bxd5 Nxd4 20. Bxd4 Bxd4
21. Qxd4 Qxd4 22. Rxd4 Bc6 23. Kf1 Bxd5 24. Rxd5 Rc6 25. Rcd1 Rdc8 26. e4 f6
27. Ke2 Kf7 28. Ke3 R8c7 29. h4 Rc8 30. R1d2 R8c7 31. Rd1 Rc8 32. R1d2 R8c7 33.
Rd1 Rc8 34. R1d2 R8c7 35. Rd1 1/2-1/2

[Event "Team B15 chess final 2018"]
[Site "Sochi"]
[Date "2018.05.08"]
[Round "7.1"]
[White "Kirushin, Ivan"]
[Black "Mochalin, Faddey"]
[Result "0-1"]
[WhiteElo "1800"]
[BlackElo "2077"]
[PlyCount "114"]
[EventDate "2018.05.01"]
[WhiteTeam "Ð¡Ð¨ÐžÐ  "]

1. e4 e6 2. d4 d5 3. Bd3 dxe4 4. Bxe4 Nf6 5. Bf3 c5 6. Ne2 Nc6 7. Be3 cxd4 8.
Nxd4 Ne5 9. Nc3 Bb4 10. Ndb5 Bd7 11. a3 Bxc3+ 12. Nxc3 Bc6 13. Bxc6+ Nxc6 14.
Qxd8+ Rxd8 15. Nb5 a6 16. Nc3 Ne5 17. Na4 Rc8 18. O-O-O b5 19. Nc5 Rc6 20. Nb7
Nd5 21. Na5 Rc8 22. Bd4 Nc4 23. Nxc4 Rxc4 24. c3 O-O 25. b3 Rc6 26. Kb2 Rfc8
27. Rd3 f6 28. g3 Kf7 29. f4 h5 30. Ra1 Rh8 31. h4 Kg6 32. a4 Kf5 33. axb5 axb5
34. Ra7 Rg8 35. Rb7 Ke4 36. Rd1 Kf3 37. Rg1 Nc7 38. Bb6 Nd5 39. Bd4 Nc7 40. Bb6
Rc8 41. b4 Nd5 42. Bc5 Nc7 43. Bb6 g6 44. Bd4 Nd5 45. Rxb5 Nxc3 46. Ra5 Nd5 47.
Ra3+ Kg4 48. Bc5 Re8 49. Ra4 Rb8 50. Ka3 Nc3 51. Ra5 Ne4 52. Bd4 Rc4 53. Bxf6
Nxf6 54. Rg5+ Kf3 55. Rxg6 Rcxb4 56. Rc1 Nd5 57. Rxe6 Ra8+ 0-1